000 01226cam a22002651i 4500
003 SA-RiAUC
005 20241128080732.0
008 241128s2000 ||| g 000 0 ara c
040 _aEG-CaDAJ
_bara
_cSA-RiAUC
_erda
082 0 4 _a251.6
090 _a251.6
_bا ب ن ع
100 1 _aابن عبد السلام، عبد العزيز بن عبد السلام بن أبي القاسم،
_d577-660 هجري
_eمؤلف.
245 1 2 _aالقواعد الكبرى، الموسوم، بقواعد الأحكام في إصلاح الأنام /
_cعز الدين بن عبد السلام ؛ تحقيق نزيه كمال حماد، عثمان جمعة ضميرية.
246 3 3 _aقواعد الأحكام في إصلاح الأنام
264 1 _a[مكان النشر غير محدد] :
_bدار القلم،
_c2000
300 _a2 مجلد
336 _aنص
_btxt
_2rdacontent
_3كتاب
337 _aبدون وسيط
_bn
_2rdamedia
338 _aمجلد
_bnc
_2rdacarrier
650 7 _aالقواعد الفقهية
_2aucsh
700 1 _aحماد، نزيه كمال
_eمحقق.
700 1 _aضميرية، عثمان جمعة،
_d1949-
_eمحقق.
942 _2ddc
_cBOOK
_n0
949 _aSA-JeALM
_d241128
_umohamedma123
_n1
999 _c2837
_d2837